Library Logo

Pioneer International University Library Catalogue

Thank you for being late : (Record no. 10108)

MARC details
000 -LEADER
fixed length control field 01168nam a22003017a 4500
003 - CONTROL NUMBER IDENTIFIER
control field OSt
005 - DATE AND TIME OF LATEST TRANSACTION
control field 20260428125803.0
008 - FIXED-LENGTH DATA ELEMENTS--GENERAL INFORMATION
fixed length control field 260428b |||||||| |||| 00| 0 eng d
010 ## - LIBRARY OF CONGRESS CONTROL NUMBER
LC control number 2016034910
020 ## - INTERNATIONAL STANDARD BOOK NUMBER
International Standard Book Number 9780374273538
Qualifying information (Hardcover)
020 ## - INTERNATIONAL STANDARD BOOK NUMBER
International Standard Book Number 9780374715144
Qualifying information (e-book)
020 ## - INTERNATIONAL STANDARD BOOK NUMBER
International Standard Book Number 9780374900434
040 ## - CATALOGING SOURCE
Language of cataloging eng.
Transcribing agency FARRAR, STRAUS AND GIROUX
050 ## - LIBRARY OF CONGRESS CALL NUMBER
Classification number HM 851
Item number .F55 2016
100 ## - MAIN ENTRY--PERSONAL NAME
Personal name Friedman, Thomas L.,
Dates associated with a name 1953-,
Relator term author.
245 ## - TITLE STATEMENT
Title Thank you for being late :
Remainder of title an optimist's guide to thriving in the age of accelerations /
Statement of responsibility, etc. Thomas L. Friedman.
250 ## - EDITION STATEMENT
Edition statement 1ST ED.
260 ## - PUBLICATION, DISTRIBUTION, ETC.
Place of publication, distribution, etc. New York :
Name of publisher, distributor, etc. Farrar, Straus and Giroux,
Date of publication, distribution, etc. 2016.
300 ## - PHYSICAL DESCRIPTION
Extent 486 pages ;
Dimensions 25 cm
504 ## - BIBLIOGRAPHY, ETC. NOTE
Bibliography, etc. note Includes bibliographical references and index.
520 ## - SUMMARY, ETC.
Summary, etc. Examines how rapid technological change, globalization, and climate change are reshaping the modern world and discusses strategies for adapting and thriving.
650 ## - SUBJECT ADDED ENTRY--TOPICAL TERM
Topical term or geographic name entry element Information technolog
General subdivision Social aspects.
650 ## - SUBJECT ADDED ENTRY--TOPICAL TERM
Topical term or geographic name entry element Technological innovations
General subdivision Social aspects.
650 ## - SUBJECT ADDED ENTRY--TOPICAL TERM
Topical term or geographic name entry element Globalization
650 ## - SUBJECT ADDED ENTRY--TOPICAL TERM
Topical term or geographic name entry element Climatic changes
General subdivision Economic aspects.
650 ## - SUBJECT ADDED ENTRY--TOPICAL TERM
Topical term or geographic name entry element Social change.
942 ## - ADDED ENTRY ELEMENTS (KOHA)
Source of classification or shelving scheme Library of Congress Classification
Koha item type Books
Suppress in OPAC No
Holdings
Withdrawn status Lost status Source of classification or shelving scheme Damaged status Not for loan Home library Current library Date acquired Total checkouts Full call number Barcode Date last seen Price effective from Koha item type
    Library of Congress Classification     PIU Library Main Library 04/28/2026   HM 851 .F55 2016 PIUDLMUR1106 04/28/2026 04/28/2026 Books